| 000 | 01180nam a2200253Ia 4500 | ||
|---|---|---|---|
| 999 |
_c5001 _d5001 |
||
| 003 | OSt | ||
| 005 | 20200420170403.0 | ||
| 008 | 191128s2014 ck gr 000 0dspa d | ||
| 020 | _a9789584637376 | ||
| 040 |
_aCO-JMCR _cCO-JMCR |
||
| 041 | 0 | _aspa | |
| 082 | 0 | 4 |
_a303.6 / _bS152e |
| 100 | 1 |
_aSandoval Forero, Rafico, _eautor _93294 |
|
| 245 | 1 | 0 |
_aEconomía y conflicto / _cRafico Sandoval Forero |
| 250 | _aPrimera edición | ||
| 260 |
_aBogotá : _bARFO, _c2014 |
||
| 300 |
_a145 páginas ; _c24 cm. |
||
| 504 | _abibliografía: páginas 139. | ||
| 505 | _aLibre cambio, libre circulación de capitales y el libre mercado -- Privatización -- Revaluación -- Industria -- Tratados de libre comercio TLC -- Deuda pública -- Banco República -- Banca Privada -- Impuestos -- Exportaciones | ||
| 520 | _aLa magnitud y dimensión de lo que ocurre en Colombia rebasa todo tipo de imaginación. También colma los cálculos los sociólogos, historiadores y políticos, que han abordado tan espinosos temas. Las ciencias económicas han permitido describir, analizar. | ||
| 650 | 1 | 4 |
_aTratado de libre comercio _93295 |
| 650 | 2 | 4 |
_aEconomía _xMinería _93296 |
| 942 |
_2ddc _cBK |
||